00571 2200205 4500001002100000005001500021035002000036245009200056100001900148250000600167300003800173700001600211260003100227082001200258084001800270020002000288650002300308990001700331990001700348INLIS00000000000136420190925024826 a0010-09190000681 a30 Kisah Sahabat Nabi :bUmair Ikut Perang Badar /cTethy Ezokanzo; Editor, Andriansyah0 aTethy Ezokanzo a- avi, 154 hlm. :bilus. ;c19,5 cm.0 aAndriansyah aJakarta :bErlangga,c2018 a297.648 a297.648 TET t a978-979-075-149 aKisah Sahabat Nabi a04712/P/2018 a04713/P/2018